Problematika merania pozitívnych a negatívnych dopadov globalizácie na kvalitu životného prostredia diplomová práca

Na minha lista:
Detalhes bibliográficos
Autor principal: Piatnicová, Dana
Autor Corporativo: Národohospodárska fakulta EU. Katedra financií
Outros Autores: Romančíková, Eva
Formato: Livro
Idioma:eslovaco
Publicado em: Bratislava 2009
Tags: Adicionar Tag
Sem tags, seja o primeiro a adicionar uma tag!

MARC

LEADER 00000nam$a2200000$$$4500
001 0096787
005 20240318141459.1
041 0 |a slo 
044 |a SK 
245 1 0 |a Problematika merania pozitívnych a negatívnych dopadov globalizácie na kvalitu životného prostredia  |b diplomová práca  |c Dana Piatnicová ; škol. Eva Romančíková 
264 1 |a Bratislava  |c 2009 
300 |a 81 s. 
100 1 |a Piatnicová, Dana 
700 1 |a Romančíková, Eva 
710 2 |a Národohospodárska fakulta EU. Katedra financií